HUMAN ANATOMY PHYSIOLOGY and HEALTH EDUCATION (Record no. 32868)

MARC details
000 -LEADER
fixed length control field 00334nam a22001457a 4500
003 - CONTROL NUMBER IDENTIFIER
control field SGT
020 ## - INTERNATIONAL STANDARD BOOK NUMBER
International Standard Book Number 818974790-8
082 ## - DEWEY DECIMAL CLASSIFICATION NUMBER
Classification number 611
Item number BAN
100 ## - MAIN ENTRY--PERSONAL NAME
Personal name BANSAL, RAJPAL
245 ## - TITLE STATEMENT
Title HUMAN ANATOMY PHYSIOLOGY and HEALTH EDUCATION
260 ## - PUBLICATION, DISTRIBUTION, ETC. (IMPRINT)
Place of publication, distribution, etc INDIA
Name of publisher, distributor, etc BIRLA PUB.
Year of Publication 2026
300 ## - PAGE DESCRIPTION
No. of Pages 704
650 ## - SUBJECT ADDED ENTRY--TOPICAL TERM
Topical term or geographic name as entry element HUMAN ANATOMY
942 ## - ADDED ENTRY ELEMENTS (KOHA)
Source of classification or shelving scheme Dewey Decimal Classification
Koha item type Books
Holdings
Withdrawn status Lost status Source of classification or shelving scheme Damaged status Not for loan Collection code Home library Current library Shelving location Date acquired Vendor Name Cost, normal purchase price SGTU Bill Number Full call number Accession No. (Barcode) Date last seen Bill Date Koha item type Total Checkouts
    Dewey Decimal Classification   Not For Loan SCIENCE SGT Science & Social Sciences Library SGT Science & Social Sciences Library Reference Book 24/10/2025 ABC 590.00 SGTU 21721 611 BAN DP511 24/10/2025 17/09/2025 Books  
    Dewey Decimal Classification     SCIENCE SGT Science & Social Sciences Library SGT Science & Social Sciences Library Text Book 24/10/2025 ABC 590.00 SGTU 21721 611 BAN DP512 24/10/2025 17/09/2025 Books  
    Dewey Decimal Classification     SCIENCE SGT Science & Social Sciences Library SGT Science & Social Sciences Library Text Book 24/10/2025 ABC 590.00 SGTU 21721 611 BAN DP513 24/10/2025 17/09/2025 Books  
    Dewey Decimal Classification     SCIENCE SGT Science & Social Sciences Library SGT Science & Social Sciences Library Text Book 24/10/2025 ABC 590.00 SGTU 21721 611 BAN DP514 24/10/2025 17/09/2025 Books  
    Dewey Decimal Classification     SCIENCE SGT Science & Social Sciences Library SGT Science & Social Sciences Library Text Book 24/10/2025 ABC 590.00 SGTU 21721 611 BAN DP515 24/10/2025 17/09/2025 Books